000 00362nam a22001337a 4500
008 160521b xxu||||| |||| 00| 0 eng d
020 _a0534394698
020 _a0534394914
020 _a0534394655
041 _aeng
080 _a579
245 _aIntroduction to microbiology:
_cA Case History Approach; John L. Ingraham; Catherine A.Ingrahm;
942 _2udc
_cBK
999 _c2353
_d2353